Biblical Names - Sudden Death - Statistics

General Stats
  • This quiz has been taken 432 times
    161 since last reset
  • The average score is 15 of 32
Answers on the Grid
Answers color-coded by a green-red scale on the quiz's grid according to % correct below.
Aaron
Abel
Abigail
Abraham
Adam
Andrew
Anna
Annie
Anthony
Benjamin
Cain
Caleb
Calliope
Callum
Cameron
Daniel
Ellie
Emma
Esau
Eve
Finlay
Fraser
Freya
Gabriel
Gregor
Ham
Hamish
Harry
Isaac
Jack
Jacob
Jessica
Job
John
Jonathan
Joshua
Katie
Kayla
Keiren
Lewis
Logan
Lois
Luke
Madison
Mark
Martha
Matthew
Morgan
Nathan
Niamh
Noah
Oliver
Olivia
Owen
Rahab
Rebecca
Rudi
Sarah
Sean
Seth
Sophie
Timothy
William
Zoe
 
Answer Stats
Answer % Correct
Abraham
88%
Abel
85%
Adam
78%
Aaron
76%
Isaac
64%
Cain
63%
Daniel
58%
Eve
57%
Gabriel
57%
Joshua
56%
Jacob
55%
Luke
54%
Esau
53%
John
53%
Matthew
53%
Noah
52%
Andrew
47%
Job
45%
Caleb
44%
Mark
44%
Benjamin
43%
Sarah
39%
Rebecca
35%
Seth
35%
Abigail
34%
Martha
34%
Ham
31%
Timothy
31%
Rahab
28%
Nathan
27%
Jonathan
25%
Lois
2%
No matching quizzes found
Score Distribution
Percent of People with Each Score
Percentile by Number Answered
Your Score History
You have not taken this quiz since the last reset